Về tư tưởng và văn học hiện đại phương Tây Phát thảo phê bình một số trào lưu tư tưởng và văn học hiện đại chủ nghĩa ở phương Tây

সংরক্ষণ করুন:
গ্রন্থ-পঞ্জীর বিবরন
প্রধান লেখক: Lương Văn Phú
অন্যান্য লেখক: Minh Tâm (Biên tập)
বিন্যাস: গ্রন্থ
প্রকাশিত: H. Đại học và trung học chuyên nghiệp 1986
বিষয়গুলি:
ট্যাগগুলো: ট্যাগ যুক্ত করুন
কোনো ট্যাগ নেই, প্রথমজন হিসাবে ট্যাগ করুন!
Thư viện lưu trữ: Trung tâm Học liệu Lê Vũ Hùng, Trường Đại học Đồng Tháp
LEADER 00952pam a22002298a 4500
001 00017894
005 20171026081022.0
008 110422s1986 ||||||Viesd
041 0 # |a Vie 
082 1 4 |a 809  |b V250T 
100 0 # |a Lương Văn Phú 
245 0 0 |a Về tư tưởng và văn học hiện đại phương Tây  |b Phát thảo phê bình một số trào lưu tư tưởng và văn học hiện đại chủ nghĩa ở phương Tây  |c Lương Văn Phú, Minh Tâm 
260 # # |a H.  |b Đại học và trung học chuyên nghiệp  |c 1986 
300 # # |a 378 tr.  |c 19 cm. 
650 # 4 |a Tư tưởng 
653 # # |a Văn học hiện đại 
653 # # |a Văn học phương Tây 
700 0 # |a Minh Tâm  |e Biên tập 
852 # # |b Kho đọc  |j KD.0003417 
852 # # |j KD.0003417 
910 |d 22/04/2011 
980 # # |a Trung tâm Học liệu Lê Vũ Hùng, Trường Đại học Đồng Tháp